Statistics for Bordering Countries by Clue #1

Click here to take the quiz!

General Stats

  • This quiz has been taken 53,640 times
  • The average score is 17 of 20

Answer Stats

HintAnswer% Correct
Joan of Arc defended itFrance
96%
The largest country in the worldRussia
96%
Its flag looks like this: Austria
92%
Where the Yellow River flowsChina
92%
Kowalski is the second most
common surname
Poland
91%
Its capital is spelled Київ in its
native language
Ukraine
90%
30% of its population is nomadic
or semi-nomadic
Mongolia
89%
The most populous "stan" countryPakistan
88%
Composed of 26 cantonsSwitzerland
88%
Its "spine" is formed by the
Apennine Mountains
Italy
86%
Has a Z in its nameCzech Republic
82%
Narendra Modi is the Prime MinisterIndia
82%
Where you'd find the city of Basra,
home to the legendary Sinbad
Iraq
79%
Birthplace of the ancient prophet
Zoroaster
Iran
77%
Is thought to have nuclear weaponsIsrael
75%
Much of its territory is a fertile river deltaBangladesh
74%
Where the Aswan Dam was built
in the 1960s
Egypt
74%
King Abdullah has reigned since 1999Jordan
73%
The junta returned in 2021Myanmar
72%
Darfur is a region of this countrySudan
71%

Score Distribution

Percentile by Number Answered

Percent of People with Each Score

Your Score History

You have not taken this quiz